000 01146na a2200337 4500
001 21774
003 MIRAKIL
005 20181213154925.0
008 170216b tu 000 0
035 _a21774
040 _aMilas
_btur
_cTR-AnCHP
041 _atur
082 _aCHP 324.2372092
_bB29k 1998
090 _aBROŞÜR 500
100 _aBaykal, Deniz
245 _aCHP Genel Başkanı Deniz Baykal'ın Cumhuryet-Demokrasi-laiklik panelinde yaptığı açış konuşması
_b9-11 Ekim
_c[Deniz Baykal]
246 _aCumhuriyet Demokrasi Laiklik paneli
260 _aAnkara
_bCHP
_c1998
300 _a44 s.
_c19 sm.
490 _aCumhuriyet Halk Partisi yayınları
_vGenel Başkan konuşmaları
600 _aBaykal, Deniz
_xKonuşmalar, 1998
_yDemokrasi
610 _aCHP
_xSöylev ve demeçler
_yToplantılar
650 _aCHP
_xLaiklik
650 _aCHP Genel başkanları
_xKonuşmalar, 1998
_yDemokrasi
657 _aDeniz Baykalın konuşmaları
710 _aCHP
711 _aCumhuriyet Demokrasi Laiklik paneli
_cİstanbul
_d9-11 Ekim 1998
830 _aCHP yayınları
942 _2dcc
_cBKS
999 _c3233
_d3233